000 00316nam a22001337a 4500
008 170925b xxu||||| |||| 00| 0 eng d
020 _a9780913543818
041 _aeng
080 _a37
100 _a46
101 _aEDU
245 _aBLACK STUDENTS MIDDLE CLASS TEACHERS
_cKUNJIUFY.J
942 _2udc
_cBK
999 _c29655
_d29655